MARC

LEADER 00000nam0a2200000 4500
001 682376
005 20251016130927.0
090 |a 682376 
100 |a 20251016d1977 km|y0rusy50 ca 
101 0 |a rus 
102 |a RU 
105 |a a z 001yy 
181 0 |a i   |b  e  
182 0 |a n 
183 0 |a nc  |2 RDAcarrier 
200 1 |a Контроль функционирования больших систем  |f Г. П. Шибанов, А. Е. Артеменко, А. А. Метешкин, Н. И. Циклянский 
203 |a Текст  |b визуальный  |c непосредственный 
210 |a Москва  |c Машиностроение  |d 1977 
215 |a 357 с.  |c ил. 
283 |a volume  |2 RDAcarrier 
320 |a Список литературы: с. 345-350 
320 |a Алфавитно-предметный указатель: с. 351-354 
606 |a Технические системы сложные  |x Контроль  |9 77579 
606 |a большие системы 
606 |a информация 
606 |a контроль 
606 |a аппаратные методы 
606 |a программные методы 
610 1 |a автоматизированные средства 
610 1 |a проектирование 
610 1 |a построение 
610 1 |a эксплуатационные качества 
675 |a 681.518.52  |v 4 
701 1 |a Шибанов  |b Г. П.  |g Георгий Петрович 
701 1 |a Артеменко  |b Е. А.  |g Евгений Андреевич 
701 1 |a Метешкин  |b А. А.  |g Александр Александрович 
701 1 |a Циклинский  |b Н. И.  |g Николай Иванович 
801 0 |a RU  |b 63413507  |c 20251016 
830 |a Ретро2025Каталогизация Шило 
850 |a 63413507 
942 |c BK